000 00672nam a2200217Ia 4500
003 IN-BaIIA
008 211028s9999 xx 000 0 eng d
020 _a306-30389-8
040 _cIIA Library
080 _a047.1:535.33
_bDEV-9
245 0 _aDevelopments in applied spectroscopy
_bvol. 9
_cedited by E. L. Grove and Alfred J. Perkins
260 _aNew York
_bPlenum Press
_c1971
300 _aix, 453p.
650 _aAbsorption spectroscopy
_91788
650 _aAstronomy and Astrophysics Thesaurus
650 _aOptical spectroscopy
650 _aSpectroscopy
_91535
700 _aGrove, E. L., ed.
_96972
700 _aPerkins, Alfred J., ed.
_97092
942 _cBK
999 _c4011
_d4011